TEXTBOOK OF MEDICAL PHYSIOLOGY (Record no. 193211)

MARC details
000 -LEADER
fixed length control field 00609nam a2200205Ia 4500
003 - CONTROL NUMBER IDENTIFIER
control field OSt
005 - DATE AND TIME OF LATEST TRANSACTION
control field 20260310111126.0
020 ## - INTERNATIONAL STANDARD BOOK NUMBER
International Standard Book Number 978-0-8089-2317-6
040 ## - CATALOGING SOURCE
Transcribing agency LC
050 ## - LIBRARY OF CONGRESS CALL NUMBER
Classification number QP 34.5 .G 89 2006
100 ## - MAIN ENTRY--PERSONAL NAME
Personal name GUYTON, ARTHUR C.
245 #0 - TITLE STATEMENT
Title TEXTBOOK OF MEDICAL PHYSIOLOGY
250 ## - EDITION STATEMENT
Edition statement INTERNATIONAL EDITION,
260 ## - PUBLICATION, DISTRIBUTION, ETC.
Place of publication, distribution, etc. PHILADELPHIA,
Name of publisher, distributor, etc. ELSEVIER SAUNDERS,
Date of publication, distribution, etc. 2006,
300 ## - PHYSICAL DESCRIPTION
Extent XXXV, 1116 P, ILL
500 ## - GENERAL NOTE
General note INCLUDES BIBLIOGRAPHICAL REFERENCES AND INDEX
650 ## - SUBJECT ADDED ENTRY--TOPICAL TERM
Topical term or geographic name entry element 1. Human physiology 2. Physiology, Pathological 3. Physiological Processes
700 ## - ADDED ENTRY--PERSONAL NAME
Personal name HALL JOHN E
942 ## - ADDED ENTRY ELEMENTS (KOHA)
Koha item type Long Loan Book
Source of classification or shelving scheme Dewey Decimal Classification
Holdings
Withdrawn status Lost status Source of classification or shelving scheme Damaged status Not for loan Collection Home library Current library Shelving location Date acquired Inventory number Total checkouts Full call number Barcode Date last seen Date last checked out Copy number Price effective from Koha item type Total renewals
    Library of Congress Classification     Reserve Kisii University Library Kisii University Library On Display 09/15/2023 27731 1 QP 34.5 .G89 2006 000000005896 06/28/2024 06/22/2024 1 09/15/2023 Short Loan Book  
    Library of Congress Classification     Reserve Kisii University Library Kisii University Library On Display 09/15/2023 27070   QP 34.5 .G89 2006 000866 09/15/2023   2 09/15/2023 Short Loan Book  
    Library of Congress Classification     Medicine Kisii University Library Kisii University Library On Display 10/24/2023 96632 12 QP 34.5 .G 89 1991 024217 02/06/2026 01/29/2026 1 10/24/2023 Long Loan Book 3
    Library of Congress Classification     Medicine Kisii University Library Kisii University Library On Display 10/24/2023 24538 3 QP 34.5 .G89 2006 033615 08/08/2024 07/10/2024 1 10/24/2023 Long Loan Book 1